000 00624nam a22001817a 4500
005 20170808161437.0
010 _aENG-119021
020 _c150.00
_a9788184655285
035 _aEN-102553
037 _bDBAD/PUB
082 _a280.61
100 _aRedferan,Alastair
245 _aPeace that passes understanding :
_cby Alastair Redferan
_bspiritual wholeness in a divided world /
260 _aDelhi
_bThe Indian Society for Promoting Christian Knowlewdge(ISPCK))
_c2015
270 _a1585,1654 Madarsa Road Kashmere Gate
_bDelhi
_e110006
300 _ax,117
_c22cm(pbk)
942 _2ddc
_cEN
_mRED
_h280.61
999 _c143166
_d143166